000 00658cam a2200181 i 4500
005 20251210113351.0
008 250721s1991 le gr 000 0 ara d
082 1 4 _a216.4
_bع ي س
100 1 _aعيسى، عبده غالب أحمد
_eمؤلف.
245 1 0 _aعلم الميراث :
_b مشتمل على منهج الرحبية و تمارين /
_cتاليف عبده غالب عيسى.
250 _aالطبعه الاولى.
264 3 1 _aبيروت :
_bدار الجيل العربي،
_c1991.
300 _a296 صفحه.
650 1 7 _aالميراث.
650 1 7 _aاصحاب الفرائض.
942 _2ddc
_cBK
999 _c100520
_d100520